000 00729nam a22001697a 4500
999 _c56882
_d56882
003 Ge_BSU
005 20190605154621.0
008 190605b1977 ||||| |||| 00| 0 geo d
041 _ageo
080 _a681.5.01(075.8) მ-30
245 _aავტომატური მართვის თეორია. ნაწ. 1 /
_cა. ნეტუშილის საერთო რედ.
264 _aთბილისი :
_b განათლება,
_c1977.
300 _a458 გვ. :
_bილ.
_c22 სმ.
653 _aავტომატური მართვის თეორია
700 _aნეტუშილი, ა
_eსაერთო რედაქციით
_92112
942 _2udc
_cBK